000 00730nam a2200217 i 4500
001 112160
003 ES-MaACL
005 20240123103425.0
007 t|
008 061121s1950 sp r ||||1| spa d
100 1 _aOrtega, Domingo.
_987400
245 1 3 _aEl arte del toreo :
_bconferencia dada en el Ateneo de Madrid el día 29 de marzo de 1950 /
_cDomingo Ortega ; con un anejo de José Ortega y Gasset.
260 _aMadrid :
_bRevista de Occidente,
_c1950.
300 _a63 p. ;
_c18 cm.
610 2 4 _aAteneo de Madrid-
_vConferencias-
_y1940-1982.
_91908
650 0 4 _aTauromaquia.
_917288
700 1 _aOrtega y Gasset, José,
_d1883-1955
_987503
852 _aES-MaACL
_jD-5679
942 _2udc
999 _c112160
_d112160